| 000 | 00617nam a2200193 i 4500 | ||
|---|---|---|---|
| 001 | 123002 | ||
| 003 | ES-MaACL | ||
| 005 | 20251115063301.0 | ||
| 007 | t| | ||
| 008 | 070214s1983 sp r ||||0| spa d | ||
| 100 | 1 |
_aPuy Muñoz, Francisco, _d1936- _994445 |
|
| 245 | 1 | 0 |
_aDerechos humanos / _cFrancisco Puy. |
| 260 |
_aSantiago de Compostela : _b[s.n.], _c1983 ( _fImp. Paredes) |
||
| 300 |
_av. <1> ; _c21 cm. |
||
| 505 | 8 | _aContiene: Vol. I. Derechos económicos, sociales y culturales | |
| 650 | 0 | 7 |
_aDerechos humanos _2embne _911770 |
| 852 |
_aES-MaACL _jP-1689 _bR.105021 |
||
| 999 |
_c123002 _d123002 |
||